000 01433nam a2200361 c 4500
003 BLK
005 20250728112150.0
008 180411b bul|||||r ||||||| ||bul||
010 _aKNG00209403000
020 _a978-954-26-1717-4
_bиздат.: Хермес
040 _aBLK
041 _aBUL
_cBUL
072 7 _2bullib
_aН83
_xЧужда художествена литература Н
080 _aАмериканска литература (на САЩ)
_b821.111(73)
_x-31
_z821.111(73)-31
100 1 _aТрентъм, Лора
_eпърви автор
_9131274
700 1 _aСтоилова, Пепа Стоилова
_eпрев. от англ.
_9364979
139 _aТрентъм, Лора
_bТ 82
245 1 0 _aЦелуни ме така
_bРоман
_cЛора Трентъм; прев. от англ. Пепа Стоилова Стоилова.
257 _aUSA
260 Пловдив
_bХермес
_c2017
_fСофия : Алианс принт
300 _a336 с.
_c20 см
380 _aX
490 1 _aСерия Котънблум
500 _aОриг. загл. Kiss Me That Way / Laura Trentham.
653 _aромани
659 _aН
852 _aЦб 286498
856 4 _qpdf
_u
856 4 _qpdf
_u
942 _cKNG
_n0
_068
944 _aCR
_c12.07.2017
_lЦветелина Шанова
_k30531
944 _aED
_c04.03.2018
_lф /
_kВиолета_Тройчева
999 _c199989
_d199989